00201nam a2200085Ia 450000100070000000500170000700800410002424500320006526000180009770998220250826162740.0250824s9999 xx 000 0 und d 0aKARŞI PENCEREcSEVİM AK bCAN YAYINLARI